000 00679nam a2200217 4500
003 CO-ViMGA
020 _a9789588827018
040 _aCO-ViMGA
_bspa
_cCO-ViMGA
082 0 4 _a780 L13h
100 1 _aLagos, Andrés
_96289
245 1 0 _aHuellas y tejidos /
_bHistoria de la danza Contemporanea en Colombia
260 _aBogotá :
_bMinisterio de Cultura,
_c2014.
300 _a319 p. :
_bIl. dibujos; 23 cm.
490 _aAndrés Lagos
500 _aInvestigación Cuerpo y Memoria de la Danza.
650 1 4 _aMusica
_91253
700 1 _aAtuesta, Juliana
_ecoaut.
_96291
700 1 _aCarvajal, Bibiana
_ecoaut.
_96290
700 1 _aRoa, Margarita
_ecoaut.
_96292
942 _2ddc
_cBK
999 _c37493
_d37493